Aplicación del Concilio de Trento en Hispanoamérica, 1564-1600 : (Record no. 94107)

MARC details
000 -LEADER
campo de control de longitud fija 01455cam a2200385 a 4500
001 - NÚMERO DE CONTROL
campo de control 46289
005 - FECHA Y HORA DE LA ÚLTIMA TRANSACCIÓN
campo de control 20230410142342.0
008 - DATOS DE LONGITUD FIJA--INFORMACIÓN GENERAL
campo de control de longitud fija 860410r19751971uy b 001 0 spa
010 ## - NÚMERO DE CONTROL DE LA BIBLIOTECA DEL CONGRESO
Número de control de LC 86143716
035 ## - NÚMERO DE CONTROL DEL SISTEMA
Número de control de sistema (OCoLC)ocm14360525
040 ## - FUENTE DE CATALOGACIÓN
Centro catalogador/agencia de origen DLC
Centro/agencia transcriptor DLC
Centro/agencia modificador OCL
-- DIBAM
029 1# - OTRO NÚMERO DE CONTROL DE SISTEMA (OCLC)
Identificador de la biblioteca OCLC NLGGC
Número de control de sistema 104800402
035 ## - NÚMERO DE CONTROL DEL SISTEMA
Número de control de sistema (OCoLC)14360525
041 1# - CÓDIGO DE IDIOMA
Código de lengua del texto/banda sonora o título independiente spa
Código de lengua original ger
043 ## - CÓDIGO DE ÁREA GEOGRÁFICA
Código de área geográfica s-pe---
050 14 - SIGNATURA TOPOGRÁFICA DE LA BIBLIOTECA DEL CONGRESO
Número de clasificación BX 1484.2
Número de ítem V732a 1975
049 ## - FONDOS LOCALES (OCLC)
Biblioteca depositaria GRAL
100 1# - ENTRADA PRINCIPAL--NOMBRE DE PERSONA
Nombre de persona Villegas, Juan,
Fechas asociadas al nombre 1931-
245 10 - MENCIÓN DEL TÍTULO
Título Aplicación del Concilio de Trento en Hispanoamérica, 1564-1600 :
Resto del título Provincia Eclesiástica del Perú /
Mención de responsabilidad, etc. Juan Villegas.
260 ## - PUBLICACIÓN, DISTRIBUCIÓN, ETC.
Lugar de publicación, distribución, etc. Montevideo :
Nombre del editor, distribuidor, etc. Instituto Teológico del Uruguay,
Fecha de publicación, distribución, etc. 1975.
300 ## - DESCRIPCIÓN FÍSICA
Extensión 300 p. ;
Dimensiones 23 cm.
440 #0 - MENCIÓN DE SERIE/PUNTO DE ACCESO ADICIONAL--TÍTULO
Título Cuadernos del ITU ;
Designación de volumen o secuencia 3
500 ## - NOTA GENERAL
Nota general Originally published in German as the author's thesis (doctoral-- University of Cologne, 1971) under title: Durchfuhrung der Beschlusse des Konzils von Trient in der Kirchenprovinz Peru, 1564-1600.
504 ## - NOTA DE BIBLIOGRAFÍA, ETC.
Nota de bibliografía, etc. Bibliography: p. 7-60.
500 ## - NOTA GENERAL
Nota general Includes indexes.
610 20 - PUNTO DE ACCESO ADICIONAL DE MATERIA--NOMBRE DE ENTIDAD CORPORATIVA
Nombre de entidad corporativa o nombre de jurisdicción como elemento de entrada Catholic Church.
Unidad subordinada Province of Peru
Subdivisión general History
Subdivisión cronológica 16th century.
611 20 - PUNTO DE ACCESO ADICIONAL DE MATERIA--NOMBRE DE REUNIÓN/CONGRESO
Nombre de congreso/reunión o jurisdicción como elemento de entrada Council of Trent
Fecha del congreso o de la firma del tratado (1545-1563)
651 #0 - PUNTO DE ACCESO ADICIONAL DE MATERIA--NOMBRE GEOGRÁFICO
Nombre geográfico Peru
Subdivisión general Church history.
610 27 - PUNTO DE ACCESO ADICIONAL DE MATERIA--NOMBRE DE ENTIDAD CORPORATIVA
Nombre de entidad corporativa o nombre de jurisdicción como elemento de entrada IGLESIA CATOLICA.
Unidad subordinada PROVINCIA DEL PERU
Subdivisión general HISTORIA
Subdivisión cronológica SIGLO 16.
Fuente del encabezamiento o término renib
611 27 - PUNTO DE ACCESO ADICIONAL DE MATERIA--NOMBRE DE REUNIÓN/CONGRESO
Nombre de congreso/reunión o jurisdicción como elemento de entrada CONCILIO DE TRENTO
Fecha del congreso o de la firma del tratado (1545-1563)
Fuente del encabezamiento o término renib
651 #7 - PUNTO DE ACCESO ADICIONAL DE MATERIA--NOMBRE GEOGRÁFICO
Nombre geográfico PERU
Subdivisión general HISTORIA ECLESIASTICA.
Fuente del encabezamiento o término renib
942 ## - ELEMENTOS DE ENTRADA SECUNDARIOS (KOHA)
Fuente del sistema de clasificación o colocación Clasificación de Library of Congress
Tipo de ítem Koha
946 ## - PROCESAMIENTO DE INFORMACIÓN LOCAL (OCLC)
a mfcruz
994 ## -
-- C0
-- DRFGD
Holdings
Estatus retirado Estado de pérdida Fuente del sistema de clasificación o colocación Estado de daño No para préstamo Colección Biblioteca de origen Biblioteca actual Ubicación en estantería Fecha de adquisición Serial enumeration / chronology Signatura topográfica completa Código de barras Visto por última vez Copia número Tipo de ítem Koha
    Clasificación de Library of Congress     Humanidades Biblioteca Juan Bosch Biblioteca Juan Bosch Humanidades (4to. Piso) 10/04/2023 1 BX 1484.2 V732a 1975 00000046=952 17/11/2018 1